Département français en mort subite - Statistiques

Statistiques générales
  • Ce quiz a été pris 5 997 fois
  • Le résultat moyen est 6 sur 15
Answers on the Grid
Answers color-coded by a green-red scale on the quiz's grid according to % correct below.
Meurthe
Seine
Loir
Corse-du-Sud
Côtes-du-Nord
Côte-d'Or
Nièvre
Val-de-Seine
Loiret
Loire
Mayotte
Saint-Pierre-et-Miquelon
Guyane
Aube
Aude
Saône
Loire-et-Cher
Indre-et-Loire
Maine
Calvados
Cognac
Drôme
Cantal
Brie
Pyrénées-Maritimes
Hautes-Pyrénées
Rhône
Hautes-Vosges
 
Statistiques - réponses
Réponse % Correct
Drôme
48%
Calvados
47%
Cantal
46%
Aude
45%
Indre-et-Loire
45%
Loire
45%
Loiret
45%
Rhône
44%
Aube
42%
Côte-d'Or
41%
Hautes-Pyrénées
41%
Mayotte
41%
Corse-du-Sud
40%
Guyane
40%
Nièvre
37%
Aucun quiz correspondant
Distribution des résultats
% des personnes avec chaque résultat
Percentile par nombre de réponses
Votre historique - résultats
Vous n’avez pas pris ce quiz